| Registos Bibliográficos associados ao registo de autoridade |
|
Etiqueta de registo: 00000nam 2200025 450 001 1950651 003 http://id.bnportugal.gov.pt/bib/catbnp/1950651 100 ## $a20161213d2016 k y0pory01030103ba 101 0# $aengaraara$dpor 102 ## $aPT 105 ## $aa m 000yy 106 ## $ar 200 1# $aHydroelastic response of ship structural components subjected to slamming loads$fShan Wang$gorient. Carlos António Pancada Guedes Soares 210 #9 $aLisboa$c[s.n.],$d2016 215 ## $aXXVIII, 299 p.$cil.$d30 cm 328 #1 $aTese dout. Naval Architecture and Marine Engineering, Instituto Superior Técnico,
Universidade de Lisboa, 2016 675 ## $a629.5(043)$vBN$zpo$3909024 675 ## $a620.1(043)$vBN$zpor$3323486 675 ## $a004.94(043)$vBN$zpor$31227404 700 #1 $aShan,$bWang$31665545 702 #1 $aSoares,$bC. Guedes$4727$31030187 801 #0 $aPT$bBN$gRPC 966 ## $lBN$mFGMON$sS.A. 164118 V.$x1
Etiqueta de registo: 00000nam 2200025 450 001 2280169 003 http://id.bnportugal.gov.pt/bib/catbnp/2280169 100 ## $a20260313d2025 k y0pory01030103ba 101 0# $aeng$dpor 102 ## $aPT 105 ## $aa m 000yy 106 ## $ar 200 1# $aStrength of components in composite materials for wave energy converters$fMiguel Pita Soares da Fonseca Calvário$gsupervisor Carlos António Pancada Guedes Soares, Shan Wang 210 #9 $aLisboa$c[s.n.],$d2025 215 ## $aXXIV, 226 p.$cil.$d30 cm 328 #1 $aTese dout. Naval Architecture and Ocean Engineering, Instituto Superior Técnico, Universidade
de Lisboa, 2025 675 ## $a620.92(043)$vBN$zpo$31245073 700 #1 $aCalvário,$bMiguel Pita Soares da Fonseca$31991323 702 #1 $aSoares,$bC. Guedes$4727$31030187 702 #1 $aShan,$bWang$4727$31665545 801 #0 $aPT$bBN$gRPC 966 ## $lBN$mFGMON$sS.A. 193473 V.$x1 971 ## $corlando$d20260313 972 ## $e0$z0$d20260413$vlrevez 973 ## $cigoulao$d20260408
|
|
|